• 首页
  • 本馆介绍
  • 公告通知
  • 最新文献
  • 馆藏检索
  • 电子资源
  • 读者导购
  • 参考咨询
  • 我的图书馆
  • 登录
  • 详细信息显示
  • 放入我的书架
  • 预约/预借图书
  • 作者相关作品
  • 分类相关作品
  • 丛书相关作品
  • 出版社相关作品

书目信息

  • 表格格式
  • 工作单格式
  • 卡片格式
书名: Publishing the literary magazine
作者: Ann Edgerly Klaiman
分册号:
分册名:
出版地: Lincolnwood, Ill., USA :
 
出版社: National Textbook Co
出版时间: [c1991].
页数: xii, 162 p. :
开本: 28 cm.
丛书名:
中图分类号:
科图分类号:
其他分类号: G23
主题词:
电子资源:
000 00950nam 2200289 a 4500
001 E0750859178
005 20070317140801.87
008 890530s1991 ilua 001 0 eng
008 uu
010    @a89061905
020    @a0844256463.
040    @aDLC @cDLC @dDLC
049    @aN5LA
050 00 @aZ286.L58 @bK57 1991
082 00 @a070.5/94 @220
090    @a2-92/G23/K63///////1060101
090    @aG23
096    @aG23 @v3
099    @dG23@ex8
100 1  @aKlaiman, Ann Edgerly.
245 10 @aPublishing the literary magazine / @cAnn Edgerly Klaiman
260    @aLincolnwood, Ill., USA :@bNational Textbook Co.,@c[c1991].
300    @axii, 162 p. :@bill. ;@c28 cm.
500    @aIncludes index.
650  0 @aLiterature @xPeriodicals @xPublishing.
650  0 @aCollege student newspapers and periodicals @xPublishing. @b00 @c20020930 @lNLC09 @h2250 @lNLC09 @h2349 @lNLC09 @h1941
852 9  @bWWJC @cJ08N @k2-92 @hG23 @iK63
    
    Publishing the literary magazine / / Ann Edgerly Klaiman.-Lincolnwood, Ill., USA : : National Textbook Co., , [c1991].
    xii, 162 p. : : ill. ; ; 28 cm.
    Includes index.
    
    ISBN 0844256463.
    
●
相关链接 在E读中查询图书 在五车中查询图书 在当当中查询图书 在豆瓣中查询图书


正题名:Publishing the literary magazine     索取号:G23/x8         预约/预借

序号 登录号 条形码 馆藏地/架位号 状态 备注
1 0002386   300023864   第四借阅区/ [索取号:G23/x8] 在馆    
2 0002387   300023873   第四借阅区/ [索取号:G23/x8] 在馆    
3 0002388   300023882   第四借阅区/ [索取号:G23/x8] 在馆    
唐山师范学院图书馆 欢迎您!
大连网信软件有限公司© 版权所有